[Event "Irish Championships"]
[Site "Dublin"]
[Date "2010.07.07"]
[Round "5"]
[White "Delaney, John"]
[Black "Orr, Mark"]
[Result "1/2-1/2"]
[WhiteElo "2210"]
[BlackElo "2247"]
[PlyCount "36"]

1. e4 c5 2. Nf3 Nc6 3. d4 cxd4 4. Nxd4 g6 5. c4 Bg7 6. Be3 Nf6 7. Nc3 Ng4 8.
Qxg4 Nxd4 9. Qd1 Ne6 10. Qd2 Qa5 11. Rb1 Bxc3 12. bxc3 d6 13. c5 Nxc5 14. Bb5+
Bd7 15. Bxd7+ Nxd7 16. O-O Qc7 17. Qd5 Nb6 18. Qb5+ Qd7 1/2-1/2

[Event "Irish Championships"]
[Site "Dublin"]
[Date "2010.07.07"]
[Round "5"]
[White "Quinn, Ciaran"]
[Black "Palmer, Bernard"]
[Result "1-0"]
[WhiteElo "2104"]
[BlackElo "2012"]
[PlyCount "21"]

1. d4 e6 2. c4 Nf6 3. Nc3 Bb4 4. e3 c5 5. Nge2 b6 6. a3 Ba5 7. Bd2 Bb7 8. b4
cxb4 9. Nb5 Ne4 10. axb4 a6 11. Na3 1-0

[Event "Irish Championships"]
[Site "Dublin"]
[Date "2010.07.07"]
[Round "5"]
[White "Duffy, Seamus"]
[Black "Daly, Colm"]
[Result "1/2-1/2"]
[WhiteElo "1996"]
[BlackElo "2322"]
[PlyCount "95"]

1. e4 c5 2. a3 e6 3. b4 b6 4. bxc5 bxc5 5. Nc3 Nc6 6. Nf3 Nge7 7. Bc4 Ng6 8.
O-O Be7 9. Kh1 Bf6 10. Bb2 Rb8 11. Rb1 O-O 12. Ba1 Bb7 13. d3 d6 14. Nd2 Be5
15. Ne2 Bxa1 16. Rxa1 d5 17. exd5 exd5 18. Ba2 Qd6 19. Ng3 Nge7 20. Nf3 Bc8 21.
h3 Rb6 22. c4 Rd8 23. cxd5 Nxd5 24. Ne4 Qh6 25. Qc1 Qh5 26. Ng3 Qg6 27. Qxc5
Nf4 28. Ng5 Rf8 29. d4 Nd3 30. Qc3 Qxg5 31. Qxd3 Rd8 32. Rfe1 h5 33. Qf3 Qg6
34. Qxh5 Qxh5 35. Nxh5 Nxd4 36. Re7 Be6 37. Bxe6 Nxe6 38. Rxa7 Rb2 39. Kg1 Rdd2
40. Rf1 Nd4 41. Ng3 f5 42. Nh5 Ne6 43. a4 g6 44. Nf6+ Kf8 45. Rc1 Nd8 46. Rcc7
Rxf2 47. Nh7+ Kg8 48. Nf6+ 1/2-1/2

[Event "Irish Championships"]
[Site "Dublin"]
[Date "2010.07.07"]
[Round "5"]
[White "O'Connell, Gerry"]
[Black "Short, Philip"]
[Result "0-1"]
[WhiteElo "2136"]
[BlackElo "2296"]
[PlyCount "80"]

1. d4 Nf6 2. c4 c5 3. d5 e5 4. Nc3 d6 5. e4 Be7 6. Be2 O-O 7. h3 Ne8 8. Bg4 Nd7
9. Nf3 a6 10. a4 Bf6 11. O-O g6 12. Bh6 Bg7 13. Bg5 Nef6 14. Nh2 h6 15. Be3
Nxg4 16. Nxg4 Qh4 17. f3 f5 18. Bf2 Qe7 19. Ne3 f4 20. Nc2 a5 21. Nb5 Nf6 22.
Re1 g5 23. Kf1 h5 24. Ke2 Kf7 25. Kd3 Rh8 26. Rh1 Bd7 27. Qe2 Rag8 28. Kc3 Ne8
29. Kb3 g4 30. hxg4 hxg4 31. Rad1 Bf6 32. g3 gxf3 33. Qe1 Rxh1 34. Qxh1 fxg3
35. Qh5+ Kf8 36. Be3 f2 37. Bh6+ Bg7 38. Ne3 Bxh6 39. Qxh6+ Qg7 40. Qh5 Bg4 0-1

[Event "Irish Championships"]
[Site "Dublin"]
[Date "2010.07.07"]
[Round "5"]
[White "Rodriguez Lopez, Rafael"]
[Black "Brady, Stephen"]
[Result "1/2-1/2"]
[WhiteElo "2312"]
[BlackElo "2376"]
[PlyCount "82"]

1. e4 e5 2. Nf3 d6 3. d4 Nf6 4. Nc3 Nbd7 5. Bc4 Be7 6. O-O O-O 7. a4 c6 8. Ba2
Qc7 9. Qe2 b6 10. Rd1 Bb7 11. dxe5 dxe5 12. Nh4 Bb4 13. Bd2 Nc5 14. f3 Rad8 15.
Nf5 Ba6 16. Qe1 Ne6 17. Kh1 Nd4 18. Nxd4 exd4 19. Nd5 Nxd5 20. Bxb4 Nxb4 21.
Qxb4 c5 22. Qd2 c4 23. Qf2 Qc5 24. c3 d3 25. Qxc5 bxc5 26. Rd2 Rfe8 27. Kg1 Kf8
28. Kf2 Re7 29. g4 Rb7 30. Rb1 Rdb8 31. Ke3 Ke7 32. h4 Kd6 33. Kf4 h6 34. h5 f6
35. Rh2 Ke6 36. Rd2 Ke7 37. Kf5 Rb6 38. Kf4 Kd6 39. Rh2 Kc6 40. Rd2 R6b7 41.
Ke3 Kd6 1/2-1/2

[Event "Irish Championships"]
[Site "Dublin"]
[Date "2010.07.07"]
[Round "5"]
[White "Porter, Liam"]
[Black "Redmond, John"]
[Result "0-1"]
[WhiteElo "1976"]
[BlackElo "2205"]
[PlyCount "61"]

1. e4 e6 2. f4 d5 3. e5 c5 4. Nf3 Nc6 5. c3 Nh6 6. Na3 Nf5 7. Nc2 d4 8. Bd3 Be7
9. O-O h5 10. Qe2 Qb6 11. cxd4 cxd4 12. g3 Bd7 13. Kg2 g6 14. Be4 Rc8 15. b3
Nb4 16. Nce1 Nxa2 17. Bb2 Bb5 18. Bd3 Bxd3 19. Nxd3 Nb4 20. Nxb4 Bxb4 21. Ba3
Bxa3 22. Rxa3 a6 23. Ng5 Qc6+ 24. Ne4 Ne3+ 25. dxe3 Qxe4+ 26. Qf3 Rc2+ 27. Rf2
Rxf2+ 28. Kxf2 Qc2+ 29. Qe2 dxe3+ 30. Kf3 Qc6+ 31. Kxe3 Qc5+ 0-1

[Event "Irish Championships"]
[Site "Dublin"]
[Date "2010.07.07"]
[Round "5"]
[White "Keogh, Eamon"]
[Black "O'Rourke, Ray"]
[Result "1-0"]
[WhiteElo "2047"]
[BlackElo "2066"]
[PlyCount "85"]

1. f4 c5 2. Nf3 d6 3. e3 a6 4. c4 Nf6 5. Nc3 g6 6. d4 cxd4 7. exd4 Bg7 8. Be2
O-O 9. O-O Nbd7 10. b3 Qc7 11. Bb2 Rb8 12. Qd2 Rd8 13. Rac1 e6 14. Ng5 h6 15.
Nge4 Nxe4 16. Nxe4 Nf6 17. Ng3 Qb6 18. Kh1 h5 19. Bf3 d5 20. c5 Qc7 21. Bc3 Qc6
22. Ba5 Re8 23. Rce1 h4 24. Ne2 Ne4 25. Bxe4 dxe4 26. Qe3 f5 27. Bb6 Bd7 28.
Rg1 Kf7 29. Nc3 Rh8 30. a4 h3 31. b4 Qc8 32. b5 Rh6 33. Rd1 Qh8 34. g4 fxg4 35.
Nxe4 Bf6 36. Bc7 axb5 37. axb5 Rc8 38. Be5 Bxe5 39. fxe5 Kg7 40. Nd6 Rf8 41.
Qe2 g3 42. Rxg3 Rb8 43. Rf1 1-0

[Event "Irish Championships"]
[Site "Dublin"]
[Date "2010.07.08"]
[Round "5"]
[White "Benson, Oisin"]
[Black "Delaney, Killian"]
[Result "0-1"]
[WhiteElo "2062"]
[BlackElo "2034"]
[PlyCount "64"]

1. d4 Nf6 2. c4 g6 3. Nc3 Bg7 4. Nf3 d6 5. e4 O-O 6. Be2 e5 7. O-O Nc6 8. d5
Ne7 9. a4 a5 10. Ne1 Nd7 11. Nd3 f5 12. f3 c5 13. dxc6 Nxc6 14. Kh1 Nc5 15. Nb5
fxe4 16. fxe4 Nxe4 17. Bf3 Nc5 18. Bd5+ Kh8 19. Nf2 Nd4 20. Be3 Nf5 21. Bd2 Be6
22. Bxe6 Nxe6 23. Ng4 Ned4 24. Ra3 Rc8 25. Qc1 Qh4 26. Nxd4 Nxd4 27. Rxf8+ Rxf8
28. h3 Ne2 29. Bg5 Qxg4 30. Qe3 Qf5 31. Be7 Qf1+ 32. Kh2 Rf2 0-1

[Event "Irish Championships"]
[Site "Dublin"]
[Date "2010.07.08"]
[Round "5"]
[White "Loughran, John"]
[Black "McCabe, Darren"]
[Result "0-1"]
[WhiteElo "1928"]
[BlackElo "2000"]
[PlyCount "66"]

1. c4 c5 2. g3 Nc6 3. Bg2 g6 4. Nc3 Bg7 5. e3 e6 6. Nge2 Nge7 7. O-O d5 8. cxd5
exd5 9. d4 cxd4 10. Nxd4 O-O 11. b3 Nxd4 12. exd4 Nc6 13. Be3 Be6 14. Rc1 Qa5
15. Qd2 Rac8 16. Rfd1 Rfd8 17. Qe2 a6 18. Na4 Qb4 19. Qb2 Bg4 20. a3 Qa5 21.
Rd2 Ne7 22. Rc5 Rxc5 23. Nxc5 Bc8 24. b4 Qb6 25. Bg5 f6 26. Bf4 Kh8 27. Re2 Nf5
28. Bxd5 Bf8 29. Be6 Nxd4 30. Rd2 Nxe6 31. Qxf6+ Bg7 32. Rxd8+ Qxd8 33. Nxe6
Qxf6 0-1

[Event "Irish Championships"]
[Site "Dublin"]
[Date "2010.07.08"]
[Round "5"]
[White "Boyle, Bernard"]
[Black "Butler, Kevin"]
[Result "0-1"]
[WhiteElo "1943"]
[BlackElo "2054"]
[PlyCount "104"]

1. d4 Nf6 2. Bf4 d6 3. e3 Nbd7 4. Nf3 g6 5. Be2 Bg7 6. h3 O-O 7. O-O Qe8 8. c4
e5 9. dxe5 dxe5 10. Bh2 Ne4 11. Qc2 f5 12. Na3 c6 13. Rad1 Kh8 14. b4 a5 15. b5
Ndc5 16. Nd2 Qe7 17. Nxe4 Nxe4 18. Nb1 Qc5 19. Nd2 Ng5 20. Nb3 Qe7 21. a4 f4
22. exf4 exf4 23. Rfe1 Qb4 24. Nd2 Bf5 25. Bd3 Bxd3 26. Qxd3 Rad8 27. Qb3 Bc3
28. Qxb4 Bxb4 29. h4 Rxd2 30. hxg5 Ra2 31. Re4 Bc5 32. Rxf4 Rxf4 33. Bxf4 Rxf2
34. Be5+ Kg8 35. Kh1 Rf5 36. Bf6 Rf4 37. Rd8+ Kf7 38. g3 Rxc4 39. Rd7+ Ke6 40.
Rxb7 cxb5 41. axb5 a4 42. b6 a3 43. Ra7 Rb4 44. Ra6 Rxb6 45. Ra5 Bd6 46. Kg2
Rb3 47. Kf2 Bxg3+ 48. Ke2 Bd6 49. Bg7 Rg3 50. Kf2 Rh3 51. Ra6 Rh4 52. Bf8 Rf4+
0-1

[Event "Irish Championships"]
[Site "Dublin"]
[Date "2010.07.07"]
[Round "5"]
[White "Fitzsimons, David"]
[Black "Cafolla, Peter"]
[Result "1-0"]
[WhiteElo "2263"]
[BlackElo "2090"]
[PlyCount "115"]

1. e4 e5 2. Nf3 Nc6 3. d4 exd4 4. Nxd4 Bc5 5. Nxc6 Qf6 6. Qf3 bxc6 7. Nd2 d6 8.
Nb3 Bb6 9. Bd2 Be6 10. Bc3 Qxf3 11. gxf3 f6 12. Nd4 Bxd4 13. Bxd4 Ne7 14. h4 c5
15. Be3 Rb8 16. O-O-O O-O 17. h5 h6 18. Rg1 Kh8 19. Be2 Nc6 20. b3 a5 21. f4 c4
22. Bxc4 Bxc4 23. bxc4 Rfe8 24. f3 Rb4 25. c5 Reb8 26. cxd6 Rb1+ 27. Kd2 Rxd1+
28. Rxd1 cxd6 29. a3 Rb5 30. Ke2 Rxh5 31. Rxd6 Ne7 32. Re6 Rh2+ 33. Kd3 Ng6 34.
c4 Ra2 35. c5 Rxa3+ 36. Kd4 Ra4+ 37. Kd5 Ra3 38. f5 Ne5 39. Bd4 Rd3 40. c6 Nxc6
41. Rxc6 Rxf3 42. Rc3 Rxc3 43. Bxc3 a4 44. Kc4 h5 45. Kb4 Kh7 46. Kxa4 h4 47.
Be1 h3 {The losing move. g5! draws e.g 48. fxg6+ Kxg6 49. Bxh4 f5
50. e5 f4 51. e6 f3 etc} 48. Bg3 Kh6 49. Kb4 Kg5 50. Kc4 g6 51. fxg6 Kxg6 52. Kd5
Kf7 53. Kd6 Kg7 54. Ke7 Kg6 55. Ke6 Kg5 56. Bh2 Kg6 57. Bf4 Kg7 58. Kf5 1-0

[Event "Irish Championships"]
[Site "Dublin"]
[Date "2010.07.08"]
[Round "6"]
[White "Short, Philip"]
[Black "Griffiths, Ryan-Rhys"]
[Result "1-0"]
[WhiteElo "2296"]
[BlackElo "2249"]
[PlyCount "181"]

1. d4 Nf6 2. Nf3 e6 3. c4 b6 4. e3 Bb7 5. Bd3 d5 6. O-O Bd6 7. Nbd2 O-O 8. b3
Nbd7 9. Bb2 Ne4 10. Qe2 Qe7 11. Rac1 f5 12. Ne5 c5 13. f4 cxd4 14. exd4 Nxe5
15. fxe5 Bb4 16. Nb1 Qh4 17. cxd5 Bxd5 18. Bc4 Rad8 19. Bxd5 Rxd5 20. Rc6 Ng5
21. Qc4 Be1 22. Rxe6 Ne4 23. Qe2 Ba5 24. g3 Qd8 25. Rc6 Rxd4 26. Bxd4 Qxd4+ 27.
Kg2 b5 28. Rd1 Qxe5 29. Qd3 Rd8 30. Qc2 Nd2 31. Nxd2 Bxd2 $2 (31... Qe2+ 32.
Kh3 Qh5+ 33. Kg2 Qe2+ $11) 32. Rf1 $1 Qd5+ 33. Rf3 Rd7 34. Qc5 b4 35. Qxd5+
Rxd5 36. Rc8+ Kf7 37. Rc7+ Kg6 38. Rxa7 Bc3 39. Rf2 Kg5 40. Rc2 Rd3 41. Rc7 h5
42. Rc4 Kf6 43. Kf2 g5 44. Ke2 Rd8 45. a4 Rd5 46. Ra2 Ra5 47. Rc6+ Ke5 48. Rg6
g4 49. Rh6 Kd4 50. Rxh5 Re5+ 51. Kf1 Kd3 52. Rh7 Re1+ 53. Kg2 Bd4 54. h4 gxh3+
55. Rxh3 Kc3 56. g4+ Be3 57. gxf5 Kxb3 58. Rf2 Kxa4 59. Rff3 Bc5 60. f6 Rg1+
61. Kh2 Rg8 62. Rh4 Rb8 63. Kh3 Bf8 64. Re4 Bc5 65. Rf5 Bd6 66. Rd5 Bf8 67. Rd7
Rb6 68. f7 Rf6 69. Re8 Bc5 70. Rc8 Bd6 71. Ra8+ Kb3 72. Rxd6 Rxf7 73. Rb6 Rc7
74. Kg3 Rc4 75. Kf2 Kc3 76. Ke2 Rd4 77. Ke3 Rd3+ 78. Ke2 Rd2+ 79. Ke1 Rd4 80.
Re8 Rd3 81. Rc8+ Kb3 82. Rc1 Kb2 83. Rd1 Re3+ 84. Kd2 Re4 85. Kd3 Rh4 86. Rd2+
Kb3 87. Re2 Rh3+ 88. Re3 Rh4 89. Re4 Rh3+ 90. Ke2 Rh2+ 91. Kf3 1-0

[Event "Irish Championships"]
[Site "Dublin"]
[Date "2010.07.08"]
[Round "6"]
[White "Delaney, Killian"]
[Black "Loughran, John"]
[Result "1-0"]
[WhiteElo "2034"]
[BlackElo "1928"]
[PlyCount "51"]

1. e4 c5 2. c3 d5 3. exd5 Qxd5 4. d4 Nf6 5. Nf3 Bg4 6. Be2 e6 7. h3 Bh5 8. Be3
cxd4 9. cxd4 Bb4+ 10. Nc3 O-O 11. O-O Qd8 12. Qb3 Nc6 13. Rfd1 Bxc3 14. bxc3
Nd5 15. c4 Nxe3 16. fxe3 Qe7 17. d5 exd5 18. cxd5 Ne5 19. d6 Qf6 20. Nxe5 Bxe2
21. Nd7 Qd8 22. Nxf8 Bxd1 23. Rxd1 Kxf8 24. Qxb7 a5 25. d7 Rb8 26. Qxb8 1-0

[Event "Irish Championships"]
[Site "Dublin"]
[Date "2010.07.09"]
[Round "7"]
[White "Loughran, John"]
[Black "Benson, Oisin"]
[Result "0-1"]
[WhiteElo "1928"]
[BlackElo "2062"]
[PlyCount "78"]

1. e4 c5 2. Nf3 d6 3. d4 cxd4 4. Nxd4 Nf6 5. Nc3 a6 6. Bc4 e6 7. Bb3 Nbd7 8. f4
Nc5 9. Qf3 Qc7 10. f5 e5 11. Nde2 Nxb3 12. axb3 b5 13. Bg5 b4 14. Bxf6 bxc3 15.
Bg5 cxb2 16. Rb1 Qxc2 17. O-O Rb8 18. Ng3 Rxb3 19. Qf2 Qxf2+ 20. Rxf2 f6 21.
Rc2 Kd7 22. Bd2 d5 23. Rcxb2 Rxb2 24. Rxb2 Bc5+ 25. Kf1 d4 26. Ne2 Kd6 27. Bb4
Bxb4 28. Rxb4 Kc5 29. Rb1 a5 30. Rc1+ Kb6 31. Rb1+ Ka6 32. Nc1 Bd7 33. Nd3 Bb5
34. Ke2 Rc8 35. Kd2 Rc3 36. Nf2 a4 37. g4 Rf3 38. Ke1 a3 39. h4 Rg3 0-1

[Event "Irish Championships"]
[Site "Dublin"]
[Date "2010.07.09"]
[Round "7"]
[White "O'Rourke, Ray"]
[Black "McCabe, Darren"]
[Result "0-1"]
[WhiteElo "2066"]
[BlackElo "200"]
[PlyCount "62"]

1. e4 c5 2. Nf3 d6 3. d4 cxd4 4. Nxd4 Nf6 5. Nc3 g6 6. Be2 Bg7 7. Be3 O-O 8.
O-O Nc6 9. Nb3 Be6 10. f4 a5 11. Nd4 Nxd4 12. Bxd4 Rc8 13. Bf3 b5 14. Rf2 b4
15. Nd5 Bxd5 16. exd5 Rc4 17. c3 bxc3 18. bxc3 Nd7 19. Bxg7 Kxg7 20. Be2 Rc5
21. c4 Qc7 22. h4 Nb6 23. Qd4+ f6 24. f5 Nxc4 25. h5 g5 26. Bf3 Ne5 27. Be2 Rb8
28. Rff1 Rb4 29. Qd1 Qb6 30. Rf2 Rb2 31. Qd4 Rxe2 0-1

[Event "Championship"]
[Site "Dublin"]
[Date "2010.07.10"]
[Round "7"]
[White "Orr, Mark"]
[Black "Redmond, John"]
[Result "0-1"]
[WhiteElo "2247"]
[BlackElo "2205"]
[PlyCount "120"]

1. d4 f5 2. g3 Nf6 3. Bg2 g6 4. Nf3 Bg7 5. O-O O-O 6. c4 d6 7. d5 a5 8. Nc3 Qe8
9. Nd4 Na6 10. Re1 Bd7 11. Ne6 Bxe6 12. dxe6 c6 13. e4 fxe4 14. Nxe4 Nxe4 15.
Rxe4 Nc5 16. Re2 a4 17. Rb1 Qd8 18. h4 Qb6 19. Bg5 Bf6 20. Qd2 Qa5 21. Qe3 Qb4
22. Rc2 Rae8 23. Kh2 Na6 24. f4 Qc5 25. Re1 Qxe3 26. Rxe3 Kg7 27. Bxf6+ Kxf6
28. Bh3 Nb4 29. Rf2 h6 30. a3 Na6 31. g4 Kg7 32. Kg3 Nc5 33. Rd2 Rd8 34. f5 g5
35. Bg2 Kf6 36. Re1 Rh8 37. Rh1 h5 38. hxg5+ Kxg5 39. Rxh5+ Rxh5 40. gxh5 Kxf5
41. Kh4 Kxe6 42. h6 Kf7 43. Kh5 Nd7 44. Bf3 Rg8 45. Kh4 Nf6 46. c5 d5 47. Rd4
Kg6 48. Rb4 Rh8 49. Rxb7 Rxh6+ 50. Kg3 e5 51. Rb4 e4 52. Bd1 Kf5 53. Bxa4 Rg6+
54. Kf2 Kf4 55. Rb8 e3+ 56. Ke2 Rg2+ 57. Ke1 Ne4 58. Rf8+ Ke5 59. Rf3 Kd4 60.
Bxc6 Rxb2 0-1

[Event "Irish Championships"]
[Site "Dublin"]
[Date "2010.07.09"]
[Round "7"]
[White "Fitzsimons, David"]
[Black "Kalam, Abul"]
[Result "1-0"]
[WhiteElo "2263"]
[BlackElo "1880"]
[PlyCount "133"]

1. e4 c5 2. Nf3 e6 3. d4 cxd4 4. Nxd4 Nc6 5. Nc3 Bb4 6. Ndb5 Nge7 7. Bf4 e5 8.
Be3 O-O 9. a3 Bxc3+ 10. Nxc3 f5 11. Bc4+ Kh8 12. f3 fxe4 13. fxe4 a6 14. Qd2 b5
15. Be2 Qa5 16. Bf3 Qd8 17. O-O d6 18. Rad1 Be6 19. Qxd6 Qxd6 20. Rxd6 Bc4 21.
Rfd1 Rad8 22. Rxd8 Rxd8 23. Rxd8+ Nxd8 24. Bg5 Nec6 25. Bxd8 Nxd8 26. Nd5 Bxd5
27. exd5 Nb7 28. b3 Nd6 29. Be2 Kg8 30. Kf2 a5 31. Ke3 b4 32. axb4 axb4 33. Kd3
Kf7 34. c3 bxc3 35. Kxc3 Ke7 36. Kb4 Kd7 37. Ka5 Kc7 38. Ka6 e4 39. b4 e3 40.
b5 Nc8 41. Bd3 h6 42. Ka5 g5 43. Kb4 Kd6 44. Kc4 Nb6+ 45. Kd4 Nxd5 46. g3 h5
47. Bc4 h4 48. g4 Nf6 49. Be2 Nd5 50. Bf3 Nb6 51. Kxe3 Ke5 52. Kd3 Kf4 53. Bd1
Nd7 54. Kd4 Nb8 55. Kd5 Nd7 56. Kc6 Ne5+ 57. Kc7 Nxg4 58. b6 Ne3 59. Bb3 Kf5
60. Be6+ Kf4 61. b7 g4 62. b8=Q g3 63. hxg3+ hxg3 64. Qf8+ Ke4 65. Bh3 g2 66.
Bxg2+ Nxg2 67. Qa8+ 1-0

[Event "Irish Championships"]
[Site "Dublin"]
[Date "2010.07.09"]
[Round "7"]
[White "Porter, Liam"]
[Black "Cafolla, Peter"]
[Result "1/2-1/2"]
[WhiteElo "1976"]
[BlackElo "2090"]
[PlyCount "51"]

1. e4 c5 2. Nc3 a6 3. g3 b5 4. Bg2 Bb7 5. d3 e6 6. f4 d5 7. exd5 exd5 8. Nf3
Nf6 9. Ne5 Nc6 10. O-O Be7 11. Ng4 Nd4 12. Ne3 b4 13. Na4 Nc6 14. g4 d4 15. Nc4
Nd7 16. g5 O-O 17. Be4 f5 18. Bd5+ Kh8 19. Qe2 Na5 20. Bxb7 Nxb7 21. Bd2 Re8
22. Rae1 Bf8 23. Qf3 Qc7 24. Qd5 g6 25. Qf7 Qd8 26. Qd5 1/2-1/2

[Event "Irish Championships"]
[Site "Dublin"]
[Date "2010.07.09"]
[Round "7"]
[White "Griffiths, Ryan-Rhys"]
[Black "Fox, Anthony"]
[Result "1-0"]
[WhiteElo "2249"]
[BlackElo "2129"]
[PlyCount "73"]
[EventDate "2010.07.07"]
[SourceDate "2010.07.09"]

1. c4 e6 2. e4 d5 3. exd5 exd5 4. d4 Nf6 5. Nc3 Be7 6. Bd3 dxc4 7. Bxc4 O-O 8.
Nge2 Nbd7 9. O-O Nb6 10. Bb3 c6 11. Re1 Bg4 12. f3 Bf5 13. Ng3 Bg6 14. f4 h6
15. f5 Bh7 16. Be3 Qd7 17. Qf3 a5 18. a3 a4 19. Ba2 Ra5 20. Rad1 Nbd5 21. Bd2
Raa8 22. Nxd5 Nxd5 23. Bxd5 cxd5 24. Re5 Rad8 25. Nh5 Bg5 26. Bxg5 hxg5 27. f6
Be4 28. Qg3 Rfe8 29. Qxg5 Bg6 30. fxg7 Rxe5 31. dxe5 Bxh5 32. Qxh5 Kxg7 33. Rd3
Rc8 34. Qg5+ Kf8 35. Rh3 Qxh3 36. gxh3 Rc6 37. Qd8+ 1-0

[Event "Irish Championships"]
[Site "Dublin"]
[Date "2010.07.09"]
[Round "7"]
[White "O'Connell, Gerry"]
[Black "Butler, Kevin"]
[Result "1-0"]
[WhiteElo "2136"]
[BlackElo "2054"]
[PlyCount "73"]

1. d4 Nf6 2. c4 e5 3. dxe5 Ne4 4. Nf3 Bb4+ 5. Bd2 Nxd2 6. Nbxd2 Nc6 7. a3 Bxd2+
8. Qxd2 Qe7 9. Qf4 O-O 10. e3 Re8 11. Be2 Nxe5 12. O-O d6 13. Rac1 Nxf3+ 14.
Bxf3 Qe5 15. Qxe5 Rxe5 16. Rfd1 Be6 17. Rd2 Rb8 18. b4 b6 19. Bc6 g5 20. Rc3
Kh8 21. h3 Rg8 22. f3 Bc8 23. Kf2 h5 24. f4 Rf5 25. g4 Rf6 26. f5 Rh6 27. Kg3
hxg4 28. hxg4 Kg7 29. Rd4 Rgh8 30. Bg2 Rh2 31. c5 dxc5 32. bxc5 R2h6 33. cxb6
Rxb6 34. Rxc7 Rb3 35. Rd6 Rxe3+ 36. Kf2 Re5 37. Rg6+ 1-0

[Event "Irish Championships"]
[Site "Dublin"]
[Date "2010.07.09"]
[Round "7"]
[White "Duffy, Seamus"]
[Black "Quinn, Ciaran"]
[Result "0-1"]
[WhiteElo "1991"]
[BlackElo "2104"]
[PlyCount "108"]

1. e4 e5 2. Nc3 Nc6 3. f4 Bc5 4. Nf3 d6 5. Bb5 Nge7 6. Na4 a6 7. Bxc6+ Nxc6 8.
Nxc5 dxc5 9. d3 Bg4 10. h3 Bxf3 11. Qxf3 Qd4 12. c3 Qd7 13. Ke2 O-O-O 14. Qg4
f5 15. Qxf5 Qxf5 16. exf5 Rhe8 17. Kf2 Rxd3 18. Re1 Rf8 19. Re3 Rd1 20. Re1
Rxe1 21. Kxe1 Rxf5 22. g4 Rf7 23. f5 g6 24. fxg6 hxg6 25. h4 Rf3 26. h5 gxh5
27. gxh5 Rh3 28. h6 Ne7 29. Kf2 Nf5 30. Kg2 Rh5 31. Bd2 Nxh6 32. Re1 Nf5 33.
Kf3 Nd6 34. Bc1 Kd7 35. Kg4 Rf5 36. Be3 b6 37. Rd1 Ke6 38. b3 c4 39. Rh1 cxb3
40. axb3 a5 41. Rh7 Rf7 42. Rh6+ Kd5 43. Rg6 Ne8 44. Bg5 Rg7 45. c4+ Kd4 46.
Re6 Nd6 47. Kh5 Ne4 48. Bd8 Rd7 49. Be7 Nc5 50. Bxc5+ bxc5 51. Ra6 e4 52. Rxa5
e3 53. Ra1 e2 54. Kg4 Ke3 0-1

[Event "Irish Championships"]
[Site "Dublin"]
[Date "2010.07.09"]
[Round "7"]
[White "Short, Philip"]
[Black "Brady, Stephen"]
[Result "1/2-1/2"]
[WhiteElo "2296"]
[BlackElo "2376"]
[PlyCount "100"]

1. d4 Nf6 2. Nf3 e6 3. c4 b6 4. a3 Ba6 5. Qc2 Bb7 6. Nc3 c5 7. e4 cxd4 8. Nxd4
Bc5 9. Nb3 Nc6 10. Bf4 e5 11. Bg5 h6 12. Bh4 O-O 13. Bd3 a6 14. Nd5 Be7 15.
Nxe7+ Qxe7 16. f3 d6 17. O-O Bc8 18. Nc1 Be6 19. Ne2 Rfc8 20. Bf2 b5 21. cxb5
axb5 22. Qd2 Na5 23. Rad1 Bb3 24. Rc1 Bc4 25. Bxc4 bxc4 26. Rc2 Nb3 27. Qd1
Rab8 28. Nc3 Qe6 29. Re1 Nc5 30. Bxc5 Rxc5 31. Ree2 d5 32. exd5 Nxd5 33. Nxd5
Rxd5 34. Red2 Rbd8 35. Rxd5 Rxd5 36. Rd2 Qb6+ 37. Kh1 Rd4 38. Qe2 Qb5 39. Kg1
Qd5 40. Rxd4 Qxd4+ 41. Kf1 f5 42. a4 e4 43. fxe4 fxe4 44. a5 Kh8 45. g4 e3 46.
Kg2 Qd5+ 47. Kg3 Qxa5 48. Qxe3 Qc7+ 49. Kh3 Qd7 50. Kg3 Qd6+ 1/2-1/2

[Event "Irish Championships"]
[Site "Dublin"]
[Date "2010.07.10"]
[Round "8"]
[White "Palmer, Bernard"]
[Black "Loughran, John"]
[Result "1/2-1/2"]
[WhiteElo "1928"]
[BlackElo "1928"]
[PlyCount "44"]

1. c4 Nf6 2. g3 e6 3. Bg2 d5 4. d4 c5 5. cxd5 exd5 6. Nf3 Nc6 7. O-O Be6 8. Nc3
Be7 9. dxc5 Bxc5 10. Na4 Be7 11. Nd4 O-O 12. Nxc6 bxc6 13. Be3 Qa5 14. Rc1 Rfc8
15. Qc2 Rab8 16. a3 Qb5 17. Bxa7 Ra8 18. Bc5 Rxa4 19. Bxe7 Rc4 20. Qd2 Ne4 21.
Bxe4 Rxe4 22. Rfe1 c5 1/2-1/2

[Event "Irish Championships"]
[Site "Dublin"]
[Date "2010.07.10"]
[Round "8"]
[White "Daly, Colm"]
[Black "Wallace, Paul"]
[Result "0-1"]
[WhiteElo "2322"]
[BlackElo "2242"]
[PlyCount "92"]

1. d4 Nf6 2. Nf3 g6 3. c4 Bg7 4. Nc3 O-O 5. e4 d6 6. Be2 e5 7. O-O Nc6 8. d5
Ne7 9. Bg5 Ne8 10. Nd2 f5 11. f3 f4 12. Bh4 Kh8 13. b4 Bf6 14. Bf2 Ng8 15. c5
Bh4 16. Bxh4 Qxh4 17. Nc4 Qe7 18. cxd6 cxd6 19. Rc1 g5 20. Nb5 Ngf6 21. Na5 g4
22. fxg4 Rg8 23. Bf3 Bxg4 24. Qe2 Bxf3 25. Rxf3 a6 26. Nc3 Rc8 27. Rcf1 Ng4 28.
Nd1 Qc7 29. a3 Nef6 30. Kh1 Qc2 31. Qxc2 Rxc2 32. h3 Nh6 33. Nf2 Nh5 34. Re1
Nf7 35. h4 Ng3+ 36. Kh2 b6 37. Nc6 h5 38. Ne7 Rg7 39. Nc6 Nh6 40. Nd8 Ng4+ 41.
Nxg4 Rxg4 42. Rxg3 Rxg3 43. Rg1 Rg4 44. Nf7+ Kg7 45. Ng5 Rxh4+ 46. Nh3 Rg4 0-1

[Event "Irish Championships"]
[Site "Dublin"]
[Date "2010.07.10"]
[Round "8"]
[White "Delaney, John"]
[Black "Short, Philip"]
[Result "0-1"]
[WhiteElo "2210"]
[BlackElo "2296"]
[PlyCount "74"]

1. e4 e6 2. d4 d5 3. Nc3 Bb4 4. Nge2 Ne7 5. a3 Ba5 6. Be3 O-O 7. g3 c6 8. Bg2
b5 9. O-O Bc7 10. Qd2 Nd7 11. e5 c5 12. f4 cxd4 13. Nxd4 a6 14. Rae1 Bb6 15.
Kh1 Qc7 16. Bg1 Rd8 17. f5 Nb8 18. f6 Ng6 19. fxg7 Nd7 20. Qg5 Ndxe5 21. Nf3
Nxf3 22. Rxf3 Bxg1 23. Kxg1 Bb7 24. Rd3 Rac8 25. h4 Qe7 26. Qh6 Qc5+ 27. Kh2
Ne7 28. Qg5 Nf5 29. Ne4 f6 30. Nxc5 fxg5 31. Nxb7 Rd7 32. Rxe6 Rxc2 33. Na5
gxh4 34. Rxd5 Rxd5 35. Kh3 Rdd2 36. b4 Nxg7 37. Rxa6 Rxg2 0-1

[Event "Irish Championships"]
[Site "Dublin"]
[Date "2010.07.10"]
[Round "8"]
[White "Brady, Stephen"]
[Black "Griffiths, Ryan-Rhys"]
[Result "0-1"]
[WhiteElo "2376"]
[BlackElo "2249"]
[PlyCount "76"]

1. Nf3 c5 2. c4 Nc6 3. g3 e5 4. Nc3 g6 5. Bg2 Bg7 6. d3 Nge7 7. O-O O-O 8. a3
d6 9. Ne1 Be6 10. Nd5 Rb8 11. Rb1 b5 12. Nxe7+ Nxe7 13. cxb5 Rxb5 14. b4 a5 15.
Nc2 a4 16. Bg5 f6 17. Bd2 Ba2 18. Rc1 Bb3 19. bxc5 dxc5 20. Qe1 Nf5 21. Bc6 Rb8
22. Ne3 Qd6 23. Nxf5 gxf5 24. Bg2 Rfc8 25. Be3 c4 26. dxc4 Qxa3 27. Bd5+ Kh8
28. Be6 Rc6 29. Bxf5 Rxc4 30. Qd2 Qb4 31. Qd7 a3 32. Bd3 Rxc1 33. Rxc1 a2 34.
Bh6 Qf8 35. Rc7 a1=Q+ 36. Kg2 Qa8+ 37. f3 Bf7 38. Be3 Rd8 0-1

[Event "Irish Championships"]
[Site "Dublin"]
[Date "2010.07.10"]
[Round "8"]
[White "Fox, Anthony"]
[Black "Porter, Liam"]
[Result "1/2-1/2"]
[WhiteElo "2129"]
[BlackElo "1976"]
[PlyCount "22"]

1. e4 g6 2. d4 Bg7 3. Nf3 d6 4. Bc4 Nc6 5. O-O Nf6 6. d5 Nb8 7. Nc3 Nbd7 8. h3
O-O 9. Nd4 Nc5 10. Re1 a5 11. a4 Re8 1/2-1/2

[Event "Irish Championships"]
[Site "Dublin"]
[Date "2010.07.10"]
[Round "8"]
[White "Butler, Kevin"]
[Black "Murray, David"]
[Result "1/2-1/2"]
[WhiteElo "2054"]
[BlackElo "2021"]
[PlyCount "55"]

1. e4 c5 2. Nf3 e6 3. d4 cxd4 4. Nxd4 Qb6 5. Nb3 Qc7 6. Nc3 a6 7. Bd3 Nf6 8.
Qe2 Nc6 9. O-O Be7 10. f4 d6 11. Be3 b5 12. a3 Bb7 13. Kh1 Rc8 14. Rad1 O-O 15.
Bg1 Na5 16. Nxa5 Qxa5 17. e5 Nd5 18. Ne4 Nxf4 19. Rxf4 dxe5 20. Qh5 f5 21. Nc5
exf4 22. Nxe6 Rf6 23. Bxf5 Rh6 24. Qg4 Bf6 25. Rd7 Rh4 26. Rxg7+ Kh8 27. Qxh4
Bxh4 28. Rxh7+ 1/2-1/2